Normal view
MARC view
- STRUCTURAL ANALYSIS(ENGINEERING),NONLINEAR THEORIES
Entry Topical Term
001 - CONTROL NUMBER
- control field: 62823
003 - CONTROL NUMBER IDENTIFIER
- control field: NUST
005 - DATE AND TIME OF LATEST TRANSACTION
- control field: 20210628203013.0
008 - FIXED-LENGTH DATA ELEMENTS
- fixed length control field: 210628|| aca||aabn | a|a d
040 ## - CATALOGING SOURCE
- Original cataloging agency: NUST
- Transcribing agency: NUST
150 ## - HEADING--TOPICAL TERM
- Topical term or geographic name entry element: STRUCTURAL ANALYSIS(ENGINEERING),NONLINEAR THEORIES
670 ## - SOURCE DATA FOUND
- Source citation: Work cat.: (NUST): Sathyamoorthy, Muthukrishnan 62822, Nonlinear analysis of structures, 1997
